El pensamiento de los profetas /
Estudio que aborda de manera general el pensamiento de los profetas del mundo judío, cuyos escritos se encuentran plasmados en el Antiguo Testamento. El interés del autor, además de situar el impacto que tuvieron en la sociedad de su época, es destacar su importancia permanente para el género humano...
保存先:
| 第一著者: | |
|---|---|
| その他の著者: | |
| フォーマット: | 図書 |
| 言語: | スペイン語 |
| 出版事項: |
México :
Fondo de Cultura Económica,
1962
|
| シリーズ: | (Breviarios ;
168) |
| 主題: | |
| タグ: |
タグなし, このレコードへの初めてのタグを付けませんか!
|
MARC
| LEADER | 00000nam^a2200000^a^4500 | ||
|---|---|---|---|
| 001 | 000000250 | ||
| 005 | 20250521000000.0 | ||
| 009 | 20260310083020.036 | ||
| 037 | |a Acervo ITESO - Biblioteca | ||
| 041 | |a ESP | ||
| 082 | |a 082. |b BRE V. 168 | ||
| 100 | |a Mattuck, Israel I. |e (autor) | ||
| 245 | 1 | 3 | |a El pensamiento de los profetas / |c I. I. Mattuck ; tr. por E.C. Frost. |
| 264 | 1 | |a México : |b Fondo de Cultura Económica, |c 1962 | |
| 300 | |a 189 p. | ||
| 336 | |a texto |b txt |2 rdacontenido | ||
| 337 | |a sin mediación |b n |2 rdamedio | ||
| 338 | |a volumen |b nc |2 rdasoporte | ||
| 440 | 1 | |a (Breviarios ; |v 168) | |
| 500 | |a Traducción de: The Thought of the Prophets | ||
| 520 | |a Estudio que aborda de manera general el pensamiento de los profetas del mundo judío, cuyos escritos se encuentran plasmados en el Antiguo Testamento. El interés del autor, además de situar el impacto que tuvieron en la sociedad de su época, es destacar su importancia permanente para el género humano. | ||
| 649 | |a XX | ||
| 650 | |a Justicia e Injusticia | ||
| 650 | |a Conducta de Vida | ||
| 650 | |a Etica | ||
| 650 | |a Biblia - |x Antiguo Testamento - |x Libros Proféticos - |x Historia y Crítica - |x Tema Principal | ||
| 650 | |a Libros Sagrados - |x Historia y Crítica | ||
| 650 | |a Literatura Religiosa - |x Historia y Crítica | ||
| 650 | |a Teología Social | ||
| 650 | |a Judaísmo | ||
| 650 | |a Política y Religión | ||
| 650 | |a Religión | ||
| 700 | |a Frost, Elsa Cecilia |e (traducción) | ||
| 910 | |a Fondo General | ||
| 920 | |a Impresos - Libros | ||
| 930 | |a Colección General | ||
| 905 | |a 101 | ||
| 901 | |a 0002500100 |b IT1 |c ACC |i 000250 |u 20250521 | ||
| 902 | |a https://opac.biblio.iteso.mx/vufind/Record/000000250 | ||